书目信息 |
| 题名: |
高等数学
|
|
| 作者: | 任永华 主编 | |
| 分册: | 下册 | |
| 出版信息: | 上海 上海交通大学出版社 2020.08 |
|
| 页数: | 192页 | |
| 开本: | 24cm | |
| 丛书名: | ||
| 单 册: | ||
| 中图分类: | O13 | |
| 科图分类: | ||
| 主题词: | 高等数学--gao deng shu xue--高等职业教育--教材 | |
| 电子资源: | ||
| ISBN: | 978-7-313-23663-0 | |
| 000 | 00887nam 2200265 450 | |
| 001 | 202021194033 | |
| 005 | 20211025120142.0 | |
| 010 | @a978-7-313-23663-0@dCNY32.00 | |
| 100 | @a20211002d2020 em y0chiy50 ea | |
| 101 | 0 | @achi |
| 102 | @aCN@b310000 | |
| 105 | @aa a 000yy | |
| 106 | @ar | |
| 200 | 1 | @a高等数学@Agao deng shu xue@h下册@f主编任永华 |
| 210 | @a上海@c上海交通大学出版社@d2020.08 | |
| 215 | @a192页@c图@d24cm | |
| 312 | @a英文题名取自封面 | |
| 320 | @a有书目 (第192页) | |
| 330 | @a本套图书分上中下三册, 该书为下册, 分三重积分、曲线积分、曲面积分、无穷级数。内容包括: 三重积分的柱面坐标和球面坐标计算法 ; 格林公式及其应用等。 | |
| 510 | 1 | @aHigher mathematics@zeng |
| 606 | 0 | @a高等数学@Agao deng shu xue@x高等职业教育@j教材 |
| 690 | @aO13@v5 | |
| 701 | 0 | @a任永华@Aren yong hua@4主编 |
| 801 | 0 | @aCN@c20210909 |
| 905 | @a河南城建学院图书馆@dO13@eR572:2 | |
| 高等数学.下册/主编任永华.-上海:上海交通大学出版社,2020.08 |
| 192页:图;24cm |
| ISBN 978-7-313-23663-0:CNY32.00 |
| 本套图书分上中下三册, 该书为下册, 分三重积分、曲线积分、曲面积分、无穷级数。内容包括: 三重积分的柱面坐标和球面坐标计算法 ; 格林公式及其应用等。 |
| ● |
| 相关链接 |
|
|
|
正题名:高等数学
索取号:O13/R572:2
 
预约/预借
| 序号 | 登录号 | 条形码 | 馆藏地/架位号 | 状态 | 备注 |
| 1 | 1543260 | 215432609 | 自科库401/401自科库 107排1列2层/ [索取号:O13/R572:2] | 在馆 | |
| 2 | 1543261 | 215432618 | 自科库401/401自科库 107排1列2层/ [索取号:O13/R572:2] | 在馆 |